<?xml version="1.0" encoding="UTF-8"?>
<collection xmlns="http://www.loc.gov/MARC21/slim">
 <record>
  <leader>02261pam a22002538a 4500</leader>
  <controlfield tag="001">00020776</controlfield>
  <controlfield tag="005">20171026081022.0</controlfield>
  <controlfield tag="008">110519s2007                  ||||||Viesd</controlfield>
  <datafield tag="041" ind1="0" ind2="#">
   <subfield code="a">Vie</subfield>
  </datafield>
  <datafield tag="082" ind1="1" ind2="4">
   <subfield code="a">539.071</subfield>
   <subfield code="b">GI108TR</subfield>
  </datafield>
  <datafield tag="100" ind1="0" ind2="#">
   <subfield code="a">Nguyễn Minh Thủy</subfield>
  </datafield>
  <datafield tag="245" ind1="0" ind2="0">
   <subfield code="a">Giáo trình vật lí lượng tử 1</subfield>
   <subfield code="b">Sách dành cho cao đẳng sư phạm</subfield>
   <subfield code="c">Nguyễn Minh Thủy, Lê Trọng Tường</subfield>
  </datafield>
  <datafield tag="260" ind1="#" ind2="#">
   <subfield code="a">H.</subfield>
   <subfield code="b">Đại học sư phạm</subfield>
   <subfield code="c">2007</subfield>
  </datafield>
  <datafield tag="300" ind1="#" ind2="#">
   <subfield code="a">144 tr.</subfield>
   <subfield code="b">Sơ đồ, Hình ảnh</subfield>
   <subfield code="c">24 cm.</subfield>
  </datafield>
  <datafield tag="500" ind1="#" ind2="#">
   <subfield code="a">Bộ giáo dục và đào tạo. Dự án đào tạo giáo viên trung học cơ sở</subfield>
  </datafield>
  <datafield tag="650" ind1="#" ind2="4">
   <subfield code="a">Giáo trình</subfield>
  </datafield>
  <datafield tag="650" ind1="#" ind2="4">
   <subfield code="a">Vật lý lượng tử</subfield>
  </datafield>
  <datafield tag="700" ind1="0" ind2="#">
   <subfield code="a">Lê Trọng Tường</subfield>
  </datafield>
  <datafield tag="852" ind1="#" ind2="#">
   <subfield code="b">Kho giáo trình</subfield>
   <subfield code="j">KGT.0005926, KGT.0005927, KGT.0005928, KGT.0005929, KGT.0005930, KGT.0005931, KGT.0005932, KGT.0005933, KGT.0005934, KGT.0005935, KGT.0005936, KGT.0005937, KGT.0005938, KGT.0005939, KGT.0005940, KGT.0005941, KGT.0005942, KGT.0005943, KGT.0005944, KGT.0005945, KGT.0005946, KGT.0005947, KGT.0005948, KGT.0005949, KGT.0005950, KGT.0005951, KGT.0005952, KGT.0005953, KGT.0005954, KGT.0005955, KGT.0005956, KGT.0005957, KGT.0005958, KGT.0005959, KGT.0005960, KGT.0005961, KGT.0005962, KGT.0005963, KGT.0005964, KGT.0005965, KGT.0005966, KGT.0005967, KGT.0005968, KGT.0005969, KGT.0005970, KGT.0005971, KGT.0005972, KGT.0005973</subfield>
  </datafield>
  <datafield tag="852" ind1="#" ind2="#">
   <subfield code="b">Kho mượn</subfield>
   <subfield code="j">KGT.0005929</subfield>
  </datafield>
  <datafield tag="852" ind1="#" ind2="#">
   <subfield code="b">Kho đọc</subfield>
   <subfield code="j">KD.0006748</subfield>
  </datafield>
  <datafield tag="852" ind1="#" ind2="#">
   <subfield code="j">KGT.0005930</subfield>
   <subfield code="j">KGT.0005931</subfield>
   <subfield code="j">KGT.0005933</subfield>
   <subfield code="j">KGT.0005934</subfield>
   <subfield code="j">KGT.0005936</subfield>
   <subfield code="j">KGT.0005937</subfield>
   <subfield code="j">KGT.0005939</subfield>
   <subfield code="j">KGT.0005940</subfield>
   <subfield code="j">KGT.0005942</subfield>
   <subfield code="j">KGT.0005943</subfield>
   <subfield code="j">KGT.0005945</subfield>
   <subfield code="j">KGT.0005946</subfield>
   <subfield code="j">KGT.0005948</subfield>
   <subfield code="j">KGT.0005949</subfield>
   <subfield code="j">KGT.0005951</subfield>
   <subfield code="j">KGT.0005952</subfield>
   <subfield code="j">KGT.0005954</subfield>
   <subfield code="j">KGT.0005955</subfield>
   <subfield code="j">KGT.0005957</subfield>
   <subfield code="j">KGT.0005958</subfield>
   <subfield code="j">KGT.0005960</subfield>
   <subfield code="j">KGT.0005961</subfield>
   <subfield code="j">KGT.0005963</subfield>
   <subfield code="j">KGT.0005964</subfield>
   <subfield code="j">KGT.0005967</subfield>
   <subfield code="j">KGT.0005968</subfield>
   <subfield code="j">KGT.0005969</subfield>
   <subfield code="j">KGT.0005970</subfield>
   <subfield code="j">KGT.0005972</subfield>
   <subfield code="j">KGT.0005973</subfield>
   <subfield code="j">KGT.0005926</subfield>
   <subfield code="j">KD.0006748</subfield>
   <subfield code="j">KGT.0005929</subfield>
   <subfield code="j">KGT.0005932</subfield>
   <subfield code="j">KGT.0005935</subfield>
   <subfield code="j">KGT.0005938</subfield>
   <subfield code="j">KGT.0005941</subfield>
   <subfield code="j">KGT.0005944</subfield>
   <subfield code="j">KGT.0005947</subfield>
   <subfield code="j">KGT.0005950</subfield>
   <subfield code="j">KGT.0005953</subfield>
   <subfield code="j">KGT.0005956</subfield>
   <subfield code="j">KGT.0005959</subfield>
   <subfield code="j">KGT.0005962</subfield>
   <subfield code="j">KGT.0005965</subfield>
   <subfield code="j">KGT.0005966</subfield>
   <subfield code="j">KGT.0005971</subfield>
   <subfield code="j">KGT.0005927</subfield>
   <subfield code="j">KGT.0005928</subfield>
  </datafield>
  <datafield tag="910" ind1="0" ind2="#">
   <subfield code="a">kìm</subfield>
   <subfield code="d">19/05/2011</subfield>
  </datafield>
  <datafield tag="980" ind1="#" ind2="#">
   <subfield code="a">Trung tâm Học liệu Lê Vũ Hùng, Trường Đại học Đồng Tháp</subfield>
  </datafield>
 </record>
</collection>
